Normal view
MARC view
Entry Personal Name
001 - CONTROL NUMBER
- control field: 563152
003 - CONTROL NUMBER IDENTIFIER
- control field: OSt
005 - DATE AND TIME OF LATEST TRANSACTION
- control field: 20220930194312.0
008 - FIXED-LENGTH DATA ELEMENTS
- fixed length control field: 220930|| aca||aabn | a|a d
040 ## - CATALOGING SOURCE
- Original cataloging agency: OSt
- Transcribing agency: OSt
100 ## - HEADING--PERSONAL NAME
- Personal name: Sahni Sujata
670 ## - SOURCE DATA FOUND
- Source citation: Work cat.: (OSt)897552: Sahni Sujata, Nalava abhilekhan arthika evam rajanitika adhyayan (650-1200 isvi), 1981
